Trauma : (Record no. 4292)
[ view plain ]
| 000 -LEADER | |
|---|---|
| fixed length control field | 00713cam a2200229 a 4500 |
| 003 - CONTROL NUMBER IDENTIFIER | |
| control field | ALUPE UNIVERSITY COLLEGE |
| 005 - DATE AND TIME OF LATEST TRANSACTION | |
| control field | 20220322070653.0 |
| 008 - FIXED-LENGTH DATA ELEMENTS--GENERAL INFORMATION | |
| fixed length control field | 990701s1999 enka b 001 0 eng |
| 020 ## - INTERNATIONAL STANDARD BOOK NUMBER | |
| International Standard Book Number | 0340700939 |
| 040 ## - CATALOGING SOURCE | |
| Transcribing agency | ALUPE UNIVERSITY COLLEGE |
| 050 ## - LIBRARY OF CONGRESS CALL NUMBER | |
| Classification number | RD93 |
| Item number | .T73 |
| 245 00 - TITLE STATEMENT | |
| Title | Trauma : |
| Remainder of title | a scientific basis for care / |
| Statement of responsibility, etc. | edited by Emin Kaya Alpar, Peter Gosling. |
| 260 ## - PUBLICATION, DISTRIBUTION, ETC. | |
| Place of publication, distribution, etc. | London : |
| Name of publisher, distributor, etc. | Arnold, |
| Date of publication, distribution, etc. | 1999. |
| 300 ## - PHYSICAL DESCRIPTION | |
| Extent | viii, 383 p. : |
| Other physical details | ill. ; |
| Dimensions | 28 cm. |
| 504 ## - BIBLIOGRAPHY, ETC. NOTE | |
| Bibliography, etc. note | Includes bibliographical references and index. |
| 650 #0 - SUBJECT ADDED ENTRY--TOPICAL TERM | |
| Topical term or geographic name entry element | Wounds and injuries |
| General subdivision | Treatment. |
| 650 #0 - SUBJECT ADDED ENTRY--TOPICAL TERM | |
| Topical term or geographic name entry element | Traumatology. |
| 700 1# - ADDED ENTRY--PERSONAL NAME | |
| Personal name | Gosling, Peter. |
| 700 1# - ADDED ENTRY--PERSONAL NAME | |
| Personal name | Alpar, E. K. |
| 942 ## - ADDED ENTRY ELEMENTS (KOHA) | |
| Source of classification or shelving scheme | |
| Koha item type | Book |
| Suppress in OPAC | PW |
| Withdrawn status | Lost status | Source of classification or shelving scheme | Damaged status | Not for loan | Permanent Location | Current Location | Shelving location | Date acquired | Source of acquisition | Total Checkouts | Full call number | Barcode | Date last seen | Copy number | Price effective from | Koha item type | Public note |
|---|---|---|---|---|---|---|---|---|---|---|---|---|---|---|---|---|---|
| AU LIBRARY | AU LIBRARY | Open Shelf | 22.03.2022 | DONATION FROM MOI UNIVERSITY | RD93 .T73 1999 C1 | 28006185 | 22.03.2022 | 1 | 22.03.2022 | Book | PW | ||||||
| AU LIBRARY | AU LIBRARY | Open Shelf | 04.04.2022 | DONATION FROM MOI UNIVERSITY | RD93 .T73 1999 C2 | 28007728 | 04.04.2022 | 2 | 04.04.2022 | Book | WO |